Programa de historia natural médica / (Record no. 164418)
[ view plain ]
| 000 -LEADER | |
|---|---|
| campo de control de longitud fija | 00744nam a22001575i 4500 |
| 001 - NÚMERO DE CONTROL | |
| campo de control | 164418 |
| 003 - IDENTIFICADOR DE NÚMERO DE CONTROL | |
| campo de control | ES-MaACL |
| 005 - FECHA Y HORA DE LA ÚLTIMA TRANSACCIÓN | |
| campo de control | 20230906212931.0 |
| 008 - DATOS DE LONGITUD FIJA--INFORMACIÓN GENERAL | |
| campo de control de longitud fija | 050824s1855 sp |||| ||spa d |
| 100 1# - ENTRADA PRINCIPAL--NOMBRE DE PERSONA | |
| Nombre de persona | Salazar Real Rodriguez, Patricio de. |
| 9 (RLIN) | 132321 |
| 245 10 - MENCIÓN DEL TÍTULO | |
| Título | Programa de historia natural médica / |
| Mención de responsabilidad, etc. | por Patricio de Salazar Real Rodríguez. |
| 260 ## - PUBLICACIÓN, DISTRIBUCIÓN, ETC. | |
| Lugar de publicación, distribución, etc. | Madrid : |
| Nombre del editor, distribuidor, etc. | [s.n.], |
| Fecha de publicación, distribución, etc. | 1855 ( |
| Fabricante | Imp. de la Compañía de Impresores y Libreros del Reino, a cargo de A. Avrial) |
| 300 ## - DESCRIPCIÓN FÍSICA | |
| Extensión | 48 p. ; |
| Dimensiones | 18 cm. |
| 650 #4 - PUNTO DE ACCESO ADICIONAL DE MATERIA--TÉRMINO DE MATERIA | |
| Término de materia o nombre geográfico como elemento de entrada | Ciencias naturales- |
| Subdivisión de forma | Programas de estudio. |
| 9 (RLIN) | 149630 |
| 852 ## - LOCALIZACIÓN | |
| Ubicación | ES-MaACL |
| Número de control de estantería | T-398-F-8 |
| Nota libre | - Enc. hol., falto de la enc. original |
| -- | . - Sello de "Los Escolares Médicos" |
| -- | . - Donativo del Sr. Castellanos |
| -- | - Enc. en un vol. facticio |
| Estatus retirado | Estado de pérdida | Estado de daño | No para préstamo | Colección | Biblioteca de origen | Biblioteca actual | Ubicación en estantería | Fecha de adquisición | Total de préstamos | Signatura topográfica completa | Código de barras | Visto por última vez | Precio de reemplazo | Tipo de ítem Koha |
|---|---|---|---|---|---|---|---|---|---|---|---|---|---|---|
| Colección de folletos | Biblioteca del Ateneo de Madrid | Biblioteca del Ateneo de Madrid | Depósito folletos | 17/01/2008 | T-398-F-8 | 1172337 | 23/02/2023 | 23/02/2023 | Folleto |
